=LDR 00000nam 2200000 4500 =001 INLIS000000000810167 =005 20251106102405 =035 ##$$a 0010-1125000021 =245 ##$$a Mukhtasar al fawa'id : $b Pesan Pesan Emas /$c Imam ibnu Qoyyim al Jauziyah =260 ##$$a Jakarta : :$b Darul Haq, =082 ##$$a 297.55 =084 ##$$a 297.55 IBN m =020 ##$$a 9786026845078 =990 ##$$a 00000004672 =990 ##$$a 00000004626